|
|
|
|
| LEADER |
00000nam a22000007a 4500 |
| 005 |
20140129162541.0 |
| 007 |
cr|||| ||| |
| 008 |
140129s2013 sp |||||s|||| 00||0|spa d |
| 020 |
|
|
|a 978-84-9031-723-5
|
| 035 |
|
|
|a 11757
|
| 040 |
|
|
|a vLex
|
| 090 |
|
|
|c 4685
|d 4685
|
| 100 |
1 |
|
|a Sarrin̤ Esteve, Joaqun̕
|
| 245 |
1 |
3 |
|a El Tribunal de Justicia de Luxemburgo como garante de los Derechos Fundamentales
|h [Recurso electrn̤ico] /
|c Joaqun̕ Sarrin̤ Esteve
|
| 256 |
|
|
|a Servicio en ln̕ea
|
| 260 |
|
|
|a Madrid :
|b Dykinson,
|c 2013
|
| 300 |
|
|
|a 1 recurso electrn̤ico
|
| 610 |
2 |
4 |
|a Tribunal de Justicia de Luxemburgo
|
| 650 |
0 |
4 |
|a Derechos civiles
|z Europa
|
| 740 |
0 |
|
|a vLex Libros (Servicio en ln̕ea)
|
| 856 |
4 |
0 |
|u http://vlex.com/source/tribunal-justicia-luxemburgo-garante-derechos-fundamentales-11757
|z Acceso restringido
|
| 942 |
|
|
|c BOOK
|